Guía didáctica matemática 6
Saved in:
| Main Authors: | , |
|---|---|
| Format: | Bog |
| Sprog: | spansk |
| Udgivet: |
Santiago
Santillana
1982
|
| Fag: | |
| Tags: |
Tilføj Tag
Ingen Tags, Vær først til at tagge denne postø!
|
MARC
| LEADER | 00000nam a2200000 a 4500 | ||
|---|---|---|---|
| 001 | UCZ6556 | ||
| 003 | CL-VaPUC | ||
| 008 | 951211e19820000CL |||||||||||||||||spa|d | ||
| 082 | 0 | 4 | |a 372.7 |b LIL |2 21 |
| 100 | |a Lillo Troncoso, María Ludovisa |e autora |9 350939 | ||
| 700 | |a Heras Karl, Rodrigo E. de las |e author |9 541891 | ||
| 245 | 1 | 0 | |a Guía didáctica matemática 6 |
| 300 | |a 43 p | ||
| 942 | |c BK | ||
| 945 | |d 19951211 00:00:00 |a cmena | ||
| 260 | |a Santiago |b Santillana |c 1982 | ||
| 500 | |a Guía para el profesor | ||
| 650 | 0 | |a Matemática |9 260235 | |
| 650 | 0 | |a Matemáticas |x Enseñanza |9 875527 | |
| 650 | 0 | |a Libros de texto |9 270019 | |
| 650 | 0 | |a Rol del docente |9 329733 | |
| 650 | 0 | |a Educación básica |9 224933 | |
| 583 | |a last modification |c 19951211 00:00:00 |k Rodrigo Vera | ||
| 999 | |c 242755 |d 242753 | ||